| 000 | 00991cam a2200325 i 4500 | ||
|---|---|---|---|
| 001 | 4155435 | ||
| 003 | OSt | ||
| 005 | 20260129155606.0 | ||
| 008 | 780613s1978 miu b 001 0 eng | ||
| 010 | _a 78016423 | ||
| 020 |
_a0802817521 : _c$4.95 |
||
| 020 | _a9780802817525 | ||
| 035 | _a4155435 | ||
| 040 |
_aDLC _cDLC _dDLC |
||
| 050 | 0 | 0 |
_aBV601.8 _b.N4 1978 |
| 082 | 0 | 0 | _a266 |
| 100 | 1 | _aNewbigin, Lesslie. | |
| 245 | 1 | 4 |
_aThe open secret : _bsketches for a missionary theology / _cby Lesslie Newbigin. |
| 260 |
_aGrand Rapids : _bEerdmans, _cc1978. |
||
| 300 |
_aviii, 214 p. ; _c21 cm. |
||
| 336 |
_atext _btxt _2rdacontent |
||
| 337 |
_aunmediated _bn _2rdamedia |
||
| 338 |
_avolume _bnc _2rdacarrier |
||
| 504 | _aIncludes bibliographical references. | ||
| 650 | 0 | _aMission of the church. | |
| 650 | 0 |
_aMissions _xTheory. |
|
| 906 |
_a7 _bcbc _corignew _d1 _eocip _f19 _gy-gencatlg |
||
| 942 |
_2lcc _cBK |
||
| 999 |
_c21159 _d21158 |
||